|
|
|
|
| LEADER |
00000nam a2200000 a 4500 |
| 001 |
vtls001171885 |
| 003 |
SK-MaSNL |
| 005 |
20260331203135.0 |
| 008 |
250414s1994 xr 0 cze |
| 020 |
|
|
|a 8021102055
|
| 035 |
|
|
|a SNK000114866
|
| 040 |
|
|
|a SNK
|b slo
|c SNK
|e AACR2
|
| 041 |
0 |
|
|a cze
|
| 044 |
|
|
|a xr
|c CZ
|
| 080 |
|
|
|a 371:3-055.2
|2 1981
|
| 080 |
|
|
|a 3-055.2
|2 1981
|
| 100 |
1 |
|
|a Gobyová, Jitka
|4 apd
|9 378499
|
| 245 |
1 |
0 |
|a Feminizace ve školství
|c Zprac. Jitka Gobyová
|
| 260 |
|
|
|a [Praha]
|b Ústav pro informace ve vzdělávání
|c 1994
|
| 300 |
|
|
|a 32 s.
|c 21 cm
|
| 852 |
|
|
|a Slovenská národná knižnica
|
| 919 |
|
|
|a 80-211-0205-5
|
| 954 |
|
|
|a školstvo
|a feminizácia
|
| 999 |
|
|
|c 882040
|d 883970
|
| 952 |
|
|
|t P60, <04>, [BOOK], {604}
|a SNK
|b SNK
|y VYP
|7 0
|p 17A0205951
|o snkIC 124720
|0 0
|1 0
|4 0
|d 1999-08-05
|l 0
|r 2005-01-01 00:00:00
|w 2026-02-24
|